000 00526nam a2200181Ia 4500
008 151202s9999||||xx |||||||||||||| ||und||
082 _bPNVM-46124
100 _aकणेकर शिरीष.
245 _aमखलाशी.
260 _b"राजा प्रकाशन,मुंबई."
260 _c2004
300 _a162
600 _aकणेकर शिरीष.
630 _aमखलाशी.
700 _aकणेकर शिरीष.
730 _aमखलाशी.
942 _cBOOK
999 _c1312074
_d1312071